| 000 | 01041nam a22002777a 4500 | ||
|---|---|---|---|
| 999 |
_c63467 _d63467 |
||
| 005 | 20240530110642.0 | ||
| 008 | 171024s2015 ua ah g b 000 0dara d | ||
| 017 |
_a2014/776 _bمصر. دار الكتب |
||
| 020 | _a9789990645033 | ||
| 040 |
_aEG-CaGPL _cEG-CaGPL |
||
| 082 | 0 | 4 |
_221 _a370.111 / _bم د |
| 100 | 0 | _aمسعد ابو الديار | |
| 245 | 1 | 0 |
_aدليلك الى صعوبات الرياضيات = Dyscalculia / _cمسعد ابو الديار |
| 250 | _aط. 1 | ||
| 260 |
_aالقاهرة : _bدار الكتاب الحديث ، _c2015. |
||
| 300 |
_a127 ص. : _bايض ؛ _c24 سم. |
||
| 504 | _aيشتمل على ارجاعات ببليوجرافية | ||
| 650 | 0 | 7 |
_2qrmak _aالتعليم _xطرق التدريس |
| 650 | 0 | 7 |
_2qrmak _aالتعليم _xمناهج |
| 650 | 0 | 7 |
_2qrmak _aالتعليم _xاغراضة واهدافة |
| 650 | 0 | 7 |
_2qrmak _aالرياضيات _xتعليم |
| 651 | _2qrmak | ||
| 653 | 0 | _aصعوبات التعلم | |
| 942 |
_2ddc _cBK |
||